Songs with "Born" in the Title - Statistics

General Stats
  • This quiz has been taken 346 times
    112 since last reset
  • The average score is 5 of 13
Answer Stats
Year Artist Song % Correct
1984 Bruce Springsteen Born in the U.S.A.
90%
1968 Steppenwolf Born to be Wild
76%
2011 Lady Gaga Born this Way
72%
1975 Bruce Springsteen Born to Run
62%
2007 Paramore Born for {This}
41%
2012 Lana Del Rey Born to Die
40%
1985 Freddie Mercury I Was Born to {Love} {You}
37%
1978 Patrick Hernandez Born to be Alive
29%
1967 Albert King Born Under a {Bad} {Sign}
27%
1969 Creedence Clearwater Revival Born on the Bayou
19%
1966 Matt Monro Born Free
14%
1957 Shirley Bassey Born to {Sing} the {Blues}
9%
1962 Ray Charles Born to {Lose}
7%
No matching quizzes found
Score Distribution
Percent of People with Each Score
Percentile by Number Answered
Your Score History
You have not taken this quiz since the last reset